Every Paralympic Sport Ever - Statistics

General Stats
  • This quiz has been taken 13 times
  • The average score is 17 of 31
Answer Stats
First Held Most Recently Held Current/Discontinued/Planned? Sport % Correct
1960 2024 Current Swimming
100%
1996 2024 Current Wheelchair Rugby
100%
1960 2024 Current Athletics
92%
2008 2024 Current Rowing
92%
1960 2024 Current Wheelchair Basketball
92%
1960 2024 Current Archery
85%
2020 2024 Current Taekwondo
85%
1988 2024 Current Wheelchair Tennis
85%
2020 2024 Current Badminton
77%
1988 2024 Current Judo
77%
1960 2024 Current Table Tennis
77%
1976 2024 Current Volleyball
77%
1984 2024 Current Boccia
69%
1988 2024 Current Cycling
69%
1996 2024 Current Equestrian
62%
1976 2024 Current Goalball
54%
1976 2024 Current Shooting
54%
1960 2024 Current Wheelchair Fencing
54%
1980 1984 Discontinued Wrestling
54%
2016 2024 Current Paracanoe
38%
1984 2024 Current Powerlifting
38%
2004 2024 Current 5-a-side Football
31%
1996 2016 Discontinued Sailing
31%
1964 1992 Discontinued Weightlifting
31%
2028 - Planned Paraclimbing
23%
2016 2024 Current Paratriathlon
23%
1984 2016 Discontinued 7-a-side Football
15%
1968 1996 Discontinued Lawn Bowls
15%
2000 2000 Discontinued Basketball ID
8%
1960 1980 Discontinued Dartchery
8%
1960 1988 Discontinued Snooker
8%
No matching quizzes found
Score Distribution
Percent of People with Each Score
Percentile by Number Answered
Your Score History
You have not taken this quiz